Score 0/13 Timer 01:00
1 Play Today
Clue 4-Letter Word % Correct
Tiger mascot of Frosted FlakesTONY
94.3%
A small horsePONY
94.2%
12 inches or 3 handsFOOT
89.8%
Kick a football on 4th downPUNT
86.3%
Helvetica, New York, or Times New Roman, e.g.FONT
85.6%
Black powder dirtying Santa's suitSOOT
85.1%
Weak or slight in sizePUNY
82.3%
'Candid Camera' host AllenFUNT
72.7%
Oodles and oodlesTONS
67%
Gelatinous leaf extract used in skin lotionsALOE
62%
One-armed bandit = ___ machineSLOT
54.4%
Two-word synonym for [first rung] that people often think is one wordA LOT
47.7%
___ gin fizzSLOE
47.3%

Today's Daily Dose

Remove Ads.
Support Sporcle.
Get the best of Sporcle when you Go Orange. This ad-free experience offers more features, more stats, and more fun while also helping to support Sporcle. Thank you for becoming a member.

You're not logged in!

Compare scores with friends on all Sporcle quizzes.
OR
Log In

Show Comments

Extras

Top Quizzes Today


Score Distribution

Your Account Isn't Verified!

In order to create a playlist on Sporcle, you need to verify the email address you used during registration. Go to your Sporcle Settings to finish the process.

Report this User

Report this user for behavior that violates our Community Guidelines.

Details: